<?xml version="1.0" encoding="UTF-8"?>
<record
    xmlns:xsi="http://www.w3.org/2001/XMLSchema-instance"
    xsi:schemaLocation="http://www.loc.gov/MARC21/slim http://www.loc.gov/standards/marcxml/schema/MARC21slim.xsd"
    xmlns="http://www.loc.gov/MARC21/slim">

  <leader>01820nam0a2200373   4500</leader>
  <controlfield tag="001">RU\NLR\bibl\1739119</controlfield>
  <controlfield tag="005">20260406090412.0</controlfield>
  <datafield tag="010" ind1=" " ind2=" ">
    <subfield code="a">978-5-9916-1236-4</subfield>
    <subfield code="9">1500</subfield>
  </datafield>
  <datafield tag="021" ind1=" " ind2=" ">
    <subfield code="a">RU</subfield>
    <subfield code="b">2011-6495</subfield>
    <subfield code="9">451</subfield>
  </datafield>
  <datafield tag="035" ind1=" " ind2=" ">
    <subfield code="a">(NLR Aleph) 001730044</subfield>
  </datafield>
  <datafield tag="090" ind1=" " ind2=" ">
    <subfield code="a">1393728</subfield>
    <subfield code="c">1393728</subfield>
  </datafield>
  <datafield tag="100" ind1=" " ind2=" ">
    <subfield code="a">20110224d2011    |||y0rusy50      ca</subfield>
  </datafield>
  <datafield tag="101" ind1="0" ind2=" ">
    <subfield code="a">rus</subfield>
  </datafield>
  <datafield tag="102" ind1=" " ind2=" ">
    <subfield code="a">RU</subfield>
  </datafield>
  <datafield tag="105" ind1=" " ind2=" ">
    <subfield code="a">y   |||||||||</subfield>
  </datafield>
  <datafield tag="200" ind1="1" ind2=" ">
    <subfield code="a">&#x420;&#x438;&#x43C;&#x441;&#x43A;&#x43E;&#x435; &#x447;&#x430;&#x441;&#x442;&#x43D;&#x43E;&#x435; &#x43F;&#x440;&#x430;&#x432;&#x43E;</subfield>
    <subfield code="e">&#x443;&#x447;&#x435;&#x431;&#x43D;&#x438;&#x43A;</subfield>
    <subfield code="e">&#x434;&#x43B;&#x44F; &#x44E;&#x440;&#x438;&#x434;&#x438;&#x447;&#x435;&#x441;&#x43A;&#x438;&#x445; &#x432;&#x44B;&#x441;&#x448;&#x438;&#x445; &#x443;&#x447;&#x435;&#x431;&#x43D;&#x44B;&#x445; &#x437;&#x430;&#x432;&#x435;&#x434;&#x435;&#x43D;&#x438;&#x439;</subfield>
    <subfield code="f">[&#x41F;&#x435;&#x440;&#x435;&#x442;&#x435;&#x440;&#x441;&#x43A;&#x438;&#x439; &#x418;.&#x421;., &#x41A;&#x440;&#x430;&#x441;&#x43D;&#x43E;&#x43A;&#x443;&#x442;&#x441;&#x43A;&#x438;&#x439; &#x412;.&#x410;., &#x43F;&#x440;&#x43E;&#x444;., &#x424;&#x43B;&#x435;&#x439;&#x448;&#x438;&#x446; &#x415;.&#x410;., &#x43F;&#x440;&#x43E;&#x444;. &#x438; &#x434;&#x440;.]</subfield>
    <subfield code="g">&#x43F;&#x43E;&#x434; &#x440;&#x435;&#x434;. &#x43F;&#x440;&#x43E;&#x444;&#x435;&#x441;&#x441;&#x43E;&#x440;&#x43E;&#x432; &#x418;.&#x411;. &#x41D;&#x43E;&#x432;&#x438;&#x446;&#x43A;&#x43E;&#x433;&#x43E;, &#x418;.&#x421;. &#x41F;&#x435;&#x440;&#x435;&#x442;&#x435;&#x440;&#x441;&#x43A;&#x43E;&#x433;&#x43E;</subfield>
  </datafield>
  <datafield tag="210" ind1=" " ind2=" ">
    <subfield code="a">&#x41C;&#x43E;&#x441;&#x43A;&#x432;&#x430;</subfield>
    <subfield code="c">&#x42E;&#x440;&#x430;&#x439;&#x442;</subfield>
    <subfield code="d">2011</subfield>
  </datafield>
  <datafield tag="215" ind1=" " ind2=" ">
    <subfield code="a">607 &#x441;.</subfield>
    <subfield code="d">21</subfield>
  </datafield>
  <datafield tag="225" ind1="1" ind2=" ">
    <subfield code="a">&#x41C;&#x438;&#x43D;&#x438;&#x441;&#x442;&#x435;&#x440;&#x441;&#x442;&#x432;&#x43E; &#x43E;&#x431;&#x440;&#x430;&#x437;&#x43E;&#x432;&#x430;&#x43D;&#x438;&#x44F; &#x438; &#x43D;&#x430;&#x443;&#x43A;&#x438; &#x420;&#x424; &#x440;&#x435;&#x43A;&#x43E;&#x43C;&#x435;&#x43D;&#x434;&#x443;&#x435;&#x442;</subfield>
  </datafield>
  <datafield tag="225" ind1="1" ind2=" ">
    <subfield code="a">&#x423;&#x447;&#x435;&#x431;&#x43D;&#x438;&#x43A;</subfield>
  </datafield>
  <datafield tag="225" ind1="1" ind2=" ">
    <subfield code="a">&#x41E;&#x441;&#x43D;&#x43E;&#x432;&#x44B; &#x43D;&#x430;&#x443;&#x43A;</subfield>
  </datafield>
  <datafield tag="300" ind1=" " ind2=" ">
    <subfield code="a">&#x410;&#x432;&#x442;. &#x443;&#x43A;&#x430;&#x437;&#x430;&#x43D;&#x44B; &#x43D;&#x430; &#x43E;&#x431;&#x43E;&#x440;&#x43E;&#x442;&#x435; &#x442;&#x438;&#x442;. &#x43B;.</subfield>
  </datafield>
  <datafield tag="606" ind1="1" ind2=" ">
    <subfield code="a">&#x420;&#x438;&#x43C;&#x441;&#x43A;&#x43E;&#x435; &#x447;&#x430;&#x441;&#x442;&#x43D;&#x43E;&#x435; &#x43F;&#x440;&#x430;&#x432;&#x43E;</subfield>
    <subfield code="j">&#x423;&#x447;&#x435;&#x431;&#x43D;&#x438;&#x43A;&#x438; &#x434;&#x43B;&#x44F; &#x432;&#x44B;&#x441;&#x448;&#x438;&#x445; &#x443;&#x447;&#x435;&#x431;&#x43D;&#x44B;&#x445; &#x437;&#x430;&#x432;&#x435;&#x434;&#x435;&#x43D;&#x438;&#x439;</subfield>
    <subfield code="9">2098447</subfield>
    <subfield code="3">RU\NLR\auth\661269422</subfield>
  </datafield>
  <datafield tag="686" ind1=" " ind2=" ">
    <subfield code="a">&#x425;2(0)323-62&#x44F;73</subfield>
  </datafield>
  <datafield tag="701" ind1=" " ind2="1">
    <subfield code="4">070</subfield>
    <subfield code="8">rus</subfield>
    <subfield code="7">ca</subfield>
    <subfield code="a">&#x41F;&#x435;&#x440;&#x435;&#x442;&#x435;&#x440;&#x441;&#x43A;&#x438;&#x439;</subfield>
    <subfield code="b">&#x418;. &#x421;.</subfield>
    <subfield code="f">1889-1956</subfield>
    <subfield code="g">&#x418;&#x432;&#x430;&#x43D; &#x421;&#x435;&#x440;&#x433;&#x435;&#x435;&#x432;&#x438;&#x447;</subfield>
    <subfield code="3">RU\NLR\auth\776556</subfield>
    <subfield code="9">116507</subfield>
  </datafield>
  <datafield tag="701" ind1=" " ind2="1">
    <subfield code="4">340</subfield>
    <subfield code="4">080</subfield>
    <subfield code="7">ca</subfield>
    <subfield code="8">rus</subfield>
    <subfield code="a">&#x41A;&#x440;&#x430;&#x441;&#x43D;&#x43E;&#x43A;&#x443;&#x442;&#x441;&#x43A;&#x438;&#x439;</subfield>
    <subfield code="b">&#x412;. &#x410;.</subfield>
    <subfield code="f">1873-</subfield>
    <subfield code="g">&#x412;&#x430;&#x441;&#x438;&#x43B;&#x438;&#x439; &#x410;&#x43B;&#x435;&#x43A;&#x441;&#x430;&#x43D;&#x434;&#x440;&#x43E;&#x432;&#x438;&#x447;</subfield>
    <subfield code="3">RU\NLR\AUTH\770280948</subfield>
    <subfield code="9">2652915</subfield>
  </datafield>
  <datafield tag="701" ind1=" " ind2="1">
    <subfield code="a">&#x424;&#x43B;&#x435;&#x439;&#x448;&#x438;&#x446;</subfield>
    <subfield code="b">&#x415;. &#x410;.</subfield>
    <subfield code="4">070</subfield>
  </datafield>
  <datafield tag="702" ind1=" " ind2="1">
    <subfield code="a">&#x41D;&#x43E;&#x432;&#x438;&#x446;&#x43A;&#x438;&#x439;</subfield>
    <subfield code="b">&#x418;. &#x411;.</subfield>
    <subfield code="f">1880-1958</subfield>
    <subfield code="g">&#x418;&#x432;&#x430;&#x43D; &#x411;&#x43E;&#x440;&#x438;&#x441;&#x43E;&#x432;&#x438;&#x447;</subfield>
    <subfield code="4">340</subfield>
  </datafield>
  <datafield tag="801" ind1=" " ind2="0">
    <subfield code="a">RU</subfield>
    <subfield code="b">NLR</subfield>
    <subfield code="c">20110224</subfield>
    <subfield code="g">RCR</subfield>
  </datafield>
  <datafield tag="801" ind1=" " ind2="1">
    <subfield code="a">RU</subfield>
    <subfield code="b">NLR</subfield>
    <subfield code="c">20110224</subfield>
  </datafield>
  <datafield tag="942" ind1=" " ind2=" ">
    <subfield code="c">BOOK</subfield>
  </datafield>
  <datafield tag="980" ind1=" " ind2=" ">
    <subfield code="a">NB</subfield>
  </datafield>
  <datafield tag="980" ind1=" " ind2=" ">
    <subfield code="a">NBR</subfield>
  </datafield>
  <datafield tag="995" ind1=" " ind2=" ">
    <subfield code="5">2011-02-24</subfield>
    <subfield code="a">ad</subfield>
    <subfield code="b">NLR01</subfield>
    <subfield code="c">NLR01</subfield>
    <subfield code="e">RF8</subfield>
    <subfield code="f">1-980194</subfield>
    <subfield code="k">2011-3/6021</subfield>
    <subfield code="o">0</subfield>
    <subfield code="r">BOOK</subfield>
    <subfield code="s">201136021_</subfield>
  </datafield>
  <datafield tag="995" ind1=" " ind2=" ">
    <subfield code="5">2011-02-24</subfield>
    <subfield code="a">ad</subfield>
    <subfield code="b">NLR01</subfield>
    <subfield code="c">NLR01</subfield>
    <subfield code="e">OZ1</subfield>
    <subfield code="f">1-532778</subfield>
    <subfield code="k">&#x421;1 &#x425;2(0)3/&#x420;-515</subfield>
    <subfield code="o">0</subfield>
    <subfield code="p">0.00</subfield>
    <subfield code="r">BOOK</subfield>
    <subfield code="s">1_203515</subfield>
  </datafield>
</record>
